000 00509nam a2200181Ia 4500
999 _c29457
_d29457
003 OSt
005 20260305115424.0
008 190216s9999||||xx |||||||||||||| ||und||
020 _a9788122608083
040 _coclc
082 _a894.812301
_bDAS/J
100 _aDas, Kamala
_95366
245 0 _aJanuvamma Paranjakatha /
_cKamala Das
260 _bCurrent Books,
_aThrissur:
_c2009.
300 _a118p
650 _aKathakal
942 _cBK
_2ddc
_h894.812301
_iDAS/J
_k894.812301
_mDAS/J